| 000 | 00596nam a2200133Ia 4500 | ||
|---|---|---|---|
| 008 | 171207s9999 xx 000 0 und d | ||
| 100 | _aWu, Feng | ||
| 245 | _aGlobal questioners: examining journalists’ aggressiveness at Chinese premiers’ press conferences (1993–2015) | ||
| 245 | _cFeng Wu, Yang Cheng & Duo Chao | ||
| 260 | _c2017 | ||
| 300 | _apages 357-77, August 2017 | ||
| 440 |
_aAsian Journa of Communication _v27:4 |
||
| 650 | _aGlobal journalism, journalism professionalism, journalists’ aggressiveness, politician–journalist relations, Chinese premiers’ press conferences | ||
| 999 |
_c347569 _d347569 |
||